[Event "Festival A"]
[Site "Formia ITA"]
[Date "1994.07.21"]
[Round "6"]
[White "Leoncini, Mario"]
[Black "Foisor, Cristina-Adela"]
[Result "0-1"]
[WhiteElo "2195"]
[BlackElo "2405"]
[PlyCount "100"]
[EventDate "1994.07.16"]

1. e4 e5 2. Nf3 Nc6 3. Bb5 a6 4. Ba4 Nf6 5. d3 d6 6. c3 Be7 7. Nbd2 O-O 8. Nf1
b5 9. Bc2 d5 10. Qe2 d4 11. Ng3 h6 12. O-O Re8 13. h3 Bf8 14. Nh2 dxc3 15. bxc3
b4 16. Ba4 Bd7 17. cxb4 Nxb4 18. Bxd7 Qxd7 19. Rd1 Rad8 20. Qf3 Nc2 21. Rb1 Nd4
22. Qe3 Qa4 23. Qd2 Rb8 24. Rxb8 Rxb8 25. Rf1 Bb4 26. Qb2 Rb6 27. Be3 Ba3 28.
Qc3 Rc6 29. Qa1 Nc2 30. Qd1 Bd6 31. Ng4 Nxg4 32. Qxg4 Bf8 33. Qd7 Qb5 34. Nf5
Re6 35. Qd8 Re8 36. Qxc7 Qxd3 37. Qb7 Nd4 38. Ng3 g6 39. Rc1 Qb5 40. Qc7 Qa4
41. Qb7 Qxa2 42. Rc8 Rxc8 43. Qxc8 h5 44. Bh6 Ne6 45. Qb8 Qa1+ 46. Kh2 a5 47.
Nf5 gxf5 48. exf5 Ng7 49. Qd8 e4 50. Qg5 Qe5+ 0-1

[Event "Festival A"]
[Site "Formia ITA"]
[Date "1994.07.21"]
[Round "6"]
[White "Liguori, Renato"]
[Black "Siraco, Maurizio"]
[Result "1/2-1/2"]
[WhiteElo "1888"]
[BlackElo "2082"]
[PlyCount "46"]
[EventDate "1994.07.16"]

1. Nf3 d5 2. d4 c6 3. c4 e6 4. cxd5 cxd5 5. Nc3 f5 6. Bg5 Nf6 7. e3 Bd6 8. Be2
O-O 9. O-O Nc6 10. Rc1 Qb6 11. Na4 Qc7 12. g3 Bd7 13. Ne5 Bxe5 14. dxe5 Ne4 15.
Be7 Rf7 16. Ba3 Qxe5 17. b4 Ng5 18. Nc5 d4 19. b5 Nd8 20. Qxd4 Qxd4 21. exd4 b6
22. Nxd7 Rxd7 23. Rfd1 Nb7 1/2-1/2

[Event "Festival A"]
[Site "Formia ITA"]
[Date "1994.07.21"]
[Round "6"]
[White "Malaniuk, Vladimir P."]
[Black "Zelcic, Robert"]
[Result "1-0"]
[WhiteElo "2610"]
[BlackElo "2485"]
[PlyCount "53"]
[EventDate "1994.07.16"]

1. e4 c6 2. d4 d5 3. e5 Bf5 4. h4 h5 5. c4 e6 6. Nc3 Nd7 7. Bg5 Qb6 8. Qd2 dxc4
9. Bxc4 f6 10. exf6 gxf6 11. Be3 O-O-O 12. Nge2 Qb4 13. Bd3 Bxd3 14. Qxd3 Nc5
15. Qc2 Qxb2 16. Qd1 e5 17. Rb1 Qa3 18. Qc2 exd4 19. Bxd4 Qa6 20. Bxc5 Bxc5 21.
Qf5+ Kb8 22. Qxc5 Nh6 23. O-O Ng4 24. Rb4 Rhe8 25. Qxh5 Ne5 26. Rfb1 Re7 27.
Ra4 1-0

[Event "Festival A"]
[Site "Formia ITA"]
[Date "1994.07.21"]
[Round "6"]
[White "Manca, Federico"]
[Black "Foisor, Ovidiu-Doru"]
[Result "1/2-1/2"]
[WhiteElo "2375"]
[BlackElo "2440"]
[PlyCount "42"]
[EventDate "1994.07.16"]

1. e4 e6 2. d4 d5 3. Nc3 Nf6 4. Bg5 dxe4 5. Nxe4 Be7 6. Bxf6 gxf6 7. Nf3 b6 8.
Bc4 Bb7 9. Qe2 c6 10. O-O-O Qc7 11. Rhe1 Nd7 12. Nc3 Nf8 13. g3 b5 14. Bb3 a5
15. d5 exd5 16. Nd4 Ng6 17. Nf5 Rd8 18. Qh5 Rd7 19. a4 b4 20. Ne2 Kd8 21. f4
Kc8 1/2-1/2

[Event "Festival A"]
[Site "Formia ITA"]
[Date "1994.07.21"]
[Round "6"]
[White "Marinelli, Tullio"]
[Black "Contin, Daniel"]
[Result "1-0"]
[WhiteElo "2375"]
[BlackElo "2425"]
[PlyCount "97"]
[EventDate "1994.07.16"]

1. d4 Nf6 2. c4 e6 3. Nc3 Bb4 4. e3 c5 5. Nf3 Ne4 6. Qc2 Bxc3+ 7. bxc3 Qa5 8.
Bd2 f5 9. Bd3 Nd6 10. O-O b5 11. cxb5 c4 12. Be2 Qxb5 13. Ne5 Bb7 14. Rab1 Qd5
15. f3 O-O 16. Bc1 Rc8 17. a4 Bc6 18. Ba3 Nf7 19. e4 Qa5 20. Nxc6 Nxc6 21. Rb5
Qd8 22. exf5 a6 23. Rc5 e5 24. Bxc4 exd4 25. cxd4 Qf6 26. Bxf7+ Qxf7 27. d5 Ne7
28. Rc1 Rxc5 29. Qxc5 Nxd5 30. Qc8+ Qe8 31. Qc4 Qf7 32. Qc8+ Qe8 33. Qc4 Qf7
34. Re1 h5 35. Re5 Nb6 36. Qd4 Re8 37. Rxe8+ Qxe8 38. Kf2 Nc8 39. Qc4+ Kh7 40.
Qxa6 Qe5 41. Qg6+ Kg8 42. f6 Qd4+ 43. Kg3 Qe5+ 44. Kh3 Qe6+ 45. Kh4 Qxf6+ 46.
Qxf6 gxf6 47. a5 Kf7 48. Bc5 d6 49. Bg1 1-0

[Event "Festival A"]
[Site "Formia ITA"]
[Date "1994.07.21"]
[Round "6"]
[White "Matkovic, Tonci"]
[Black "Ortega, Lexy"]
[Result "1/2-1/2"]
[WhiteElo "2255"]
[BlackElo "2450"]
[PlyCount "83"]
[EventDate "1994.07.16"]

1. e4 c5 2. Nf3 d6 3. d4 cxd4 4. Nxd4 Nf6 5. Nc3 a6 6. Bg5 e6 7. g3 Be7 8. Bg2
O-O 9. Qd2 Nbd7 10. O-O h6 11. Bxf6 Bxf6 12. Nce2 Qc7 13. Rac1 Rb8 14. c4 b6
15. b4 Bb7 16. Nb3 Ne5 17. c5 dxc5 18. bxc5 b5 19. Qd6 Rfc8 20. Rfd1 Nc4 21.
Qxc7 Rxc7 22. Rc2 Be7 23. Ned4 Rd8 24. Rdc1 Bxc5 25. Nxc5 Rxc5 26. Nb3 Rcc8 27.
f3 Kf8 28. Bf1 Na3 29. Rc7 Rxc7 30. Rxc7 Bc8 31. e5 Ke8 32. Nc5 a5 33. Ne4 Bd7
34. Nd6+ Ke7 35. Nxb5 Nxb5 36. Bxb5 Ke8 37. Rxd7 Rxd7 38. Kf2 Kd8 39. Bxd7 Kxd7
40. Ke3 Kc6 41. Kd4 Kb5 42. Kc3 1/2-1/2

[Event "Festival A"]
[Site "Formia ITA"]
[Date "1994.07.21"]
[Round "6"]
[White "Nannelli, Paolo"]
[Black "Canelli, Daniele"]
[Result "1-0"]
[WhiteElo "1992"]
[BlackElo "1938"]
[PlyCount "75"]
[EventDate "1994.07.16"]

1. d4 Nf6 2. Nf3 g6 3. c4 Bg7 4. Nc3 d6 5. e4 Bg4 6. Be2 O-O 7. O-O c6 8. Be3
Nbd7 9. Nd2 Bxe2 10. Qxe2 e5 11. d5 Nh5 12. g3 f5 13. exf5 Rxf5 14. Nde4 Qe7
15. dxc6 bxc6 16. Rad1 Rf6 17. Bg5 h6 18. Bxf6 Ndxf6 19. Rxd6 Rd8 20. Rxd8+
Qxd8 21. Rd1 Qc8 22. Qd3 Kh7 23. f3 Qe6 24. b4 Qf7 25. a4 Bf8 26. b5 cxb5 27.
axb5 Ng7 28. Nxf6+ Qxf6 29. Ne4 Qb6+ 30. Kh1 Be7 31. Ra1 Nf5 32. Ra6 Qc7 33.
Qd5 Bg5 34. Qc5 Qxc5 35. Nxc5 Ne3 36. Rxa7+ Kg8 37. b6 Bd8 38. Ra8 1-0

[Event "Festival A"]
[Site "Formia ITA"]
[Date "1994.07.21"]
[Round "6"]
[White "Sedina, Elena"]
[Black "Mola, Pietro"]
[Result "1/2-1/2"]
[WhiteElo "2335"]
[BlackElo "2175"]
[PlyCount "52"]
[EventDate "1994.07.16"]

1. e4 c5 2. Nf3 d6 3. Bb5+ Nc6 4. Bxc6+ bxc6 5. e5 Bg4 6. exd6 exd6 7. d3 Nf6
8. O-O Be7 9. Re1 O-O 10. Nbd2 Re8 11. Nf1 Qd7 12. h3 Bh5 13. Ng3 Bg6 14. Nh4
Nd5 15. Nxg6 hxg6 16. c4 Nc7 17. Be3 Bf6 18. Rb1 Ne6 19. Qg4 Rad8 20. Ne4 Bd4
21. Bxd4 cxd4 22. Ng5 Nxg5 23. Qxg5 c5 24. f3 Qa4 25. Re7 Rxe7 26. Qxe7 Re8
1/2-1/2

[Event "Festival A"]
[Site "Formia ITA"]
[Date "1994.07.21"]
[Round "6"]
[White "Sulava, Nenad"]
[Black "Gazik, Igor"]
[Result "1/2-1/2"]
[WhiteElo "2410"]
[BlackElo "2425"]
[PlyCount "62"]
[EventDate "1994.07.16"]

1. d4 Nf6 2. c4 g6 3. Nc3 d5 4. Nf3 Bg7 5. Bg5 Ne4 6. cxd5 Nxc3 7. bxc3 Qxd5 8.
e3 c5 9. Bd3 h6 10. e4 Qd8 11. Be3 Bg4 12. Rc1 cxd4 13. cxd4 Nc6 14. d5 Ne5 15.
Bb5+ Kf8 16. Be2 Nxf3+ 17. Bxf3 Bxf3 18. Qxf3 Qa5+ 19. Kf1 Qxa2 20. g3 Be5 21.
Kg2 Qa6 22. Qd1 Rd8 23. f4 Bb8 24. Ra1 Qc4 25. Ra4 Qb5 26. Bxa7 Bxa7 27. Rxa7
f5 28. Re1 fxe4 29. Qd4 Kf7 30. Qxe4 Qxd5 31. Rxb7 Rhe8 1/2-1/2

[Event "Festival A"]
[Site "Formia ITA"]
[Date "1994.07.21"]
[Round "6"]
[White "Tan, Chengxuan"]
[Black "Belotti, Bruno"]
[Result "1-0"]
[WhiteElo "2380"]
[BlackElo "2455"]
[PlyCount "121"]
[EventDate "1994.07.16"]

1. e4 c5 2. c3 Nf6 3. e5 Nd5 4. Nf3 e6 5. d4 cxd4 6. cxd4 b6 7. Nc3 Nxc3 8.
bxc3 Qc7 9. Be2 Qxc3+ 10. Bd2 Qc7 11. Rc1 Nc6 12. O-O Bb7 13. Bd3 h6 14. d5
exd5 15. Nd4 Qd8 16. Nf5 g6 17. Nd6+ Bxd6 18. exd6 Qf6 19. Re1+ Kd8 20. Qg4 d4
21. Qg3 g5 22. Re2 Re8 23. Rxe8+ Kxe8 24. h4 Qg7 25. hxg5 hxg5 26. Qxg5 Qxg5
27. Bxg5 Nd8 28. Bf6 Ne6 29. Re1 Rc8 30. Bxd4 Rc6 31. Be5 Rc5 32. f4 Ra5 33. f5
Rxa2 34. fxe6 Rxg2+ 35. Kf1 fxe6 36. Ra1 Rg5 37. Bf4 Rg4 38. Be3 Rg3 39. Ke2
Rg2+ 40. Bf2 a5 41. Rb1 Bc6 42. Rxb6 Rg5 43. Bh4 Rg4 44. Be7 Kf7 45. Rb1 Rf4
46. Rg1 e5 47. Bh7 Ke6 48. Rg5 Kd5 49. Ke3 Kc4 50. Rxe5 Rf3+ 51. Ke2 Rh3 52.
Bg8+ Kb4 53. Bg5 a4 54. Bd2+ Ka3 55. Re3+ Rxe3+ 56. Kxe3 Kb2 57. Kd4 a3 58.
Bc3+ Kb1 59. Bh7+ Kc1 60. Kc5 a2 61. Bf5 1-0

[Event "Festival A"]
[Site "Formia ITA"]
[Date "1994.07.21"]
[Round "6"]
[White "Vignato, Giovanni"]
[Black "Della Ragione, Achille"]
[Result "0-1"]
[WhiteElo "1960"]
[BlackElo "2040"]
[PlyCount "36"]
[EventDate "1994.07.16"]

1. e4 d5 2. exd5 Nf6 3. d4 Nxd5 4. c4 Nb6 5. Nc3 e5 6. dxe5 Qxd1+ 7. Kxd1 Nc6
8. Nf3 Bg4 9. Bf4 O-O-O+ 10. Kc1 Bc5 11. Ne4 Bxf3 12. gxf3 Bd4 13. e6 fxe6 14.
Bh3 Na4 15. Rb1 Nb4 16. Bxe6+ Kb8 17. Bd2 Bxb2+ 18. Kd1 Nc3+ 0-1

[Event "Festival A"]
[Site "Formia ITA"]
[Date "1994.07.21"]
[Round "6"]
[White "Vujovic, Milorad"]
[Black "Godena, Michele"]
[Result "0-1"]
[WhiteElo "2270"]
[BlackElo "2485"]
[PlyCount "84"]
[EventDate "1994.07.16"]

1. e4 e5 2. Nf3 Nc6 3. Bb5 Bc5 4. c3 Nf6 5. d3 d6 6. O-O O-O 7. a4 a5 8. Bg5 h6
9. Bh4 Qe7 10. Qc1 Bg4 11. Nbd2 g5 12. Bg3 Nh5 13. Bxc6 bxc6 14. d4 Bb6 15.
dxe5 Nxg3 16. hxg3 dxe5 17. Nc4 f6 18. Nxb6 cxb6 19. Qe3 Qc5 20. Qe2 Rfd8 21.
Rfd1 Be6 22. Nh2 Qc4 23. Qh5 Qxe4 24. Qxh6 Kf7 25. Rxd8 Rxd8 26. Nf3 Qg6 27.
Qxg6+ Kxg6 28. Kf1 g4 29. Nh4+ Kg5 30. Ke1 c5 31. Ke2 Bc4+ 32. Ke1 f5 33. f3
Rd3 34. Rc1 e4 35. b4 exf3 36. gxf3 gxf3 37. bxc5 bxc5 38. Rb1 f4 39. Kf2 Rd2+
40. Ke1 Re2+ 41. Kd1 f2 42. Nf3+ Kh5 0-1

[Event "Festival A"]
[Site "Formia ITA"]
[Date "1994.07.22"]
[Round "7"]
[White "Alterman, Boris"]
[Black "Palac, Mladen"]
[Result "1/2-1/2"]
[WhiteElo "2585"]
[BlackElo "2495"]
[PlyCount "121"]
[EventDate "1994.07.16"]

1. d4 d5 2. c4 c6 3. Nf3 Nf6 4. Nc3 dxc4 5. a4 Bf5 6. e3 e6 7. Bxc4 Bb4 8. O-O
Nbd7 9. Qe2 Bg6 10. e4 O-O 11. e5 Nd5 12. Ne4 Be7 13. a5 Rc8 14. Rd1 a6 15. h3
Re8 16. Ng3 c5 17. Bxd5 exd5 18. Be3 Nf8 19. Qd2 c4 20. Bg5 Bxg5 21. Nxg5 Ne6
22. f4 Nxg5 23. fxg5 b5 24. axb6 Qxb6 25. Qc3 Rb8 26. Re1 Qxb2 27. Qxb2 Rxb2
28. Ra5 Rb5 29. Rxa6 c3 30. Ne2 c2 31. Kf2 Rb1 32. Nc1 Rc8 33. Ke3 h6 34. gxh6
gxh6 35. e6 fxe6 36. Rxe6 Bf5 37. Re5 Be4 38. Kd2 Rc4 39. R5xe4 dxe4 40. Rxe4
Kf7 41. Rf4+ Kg6 42. Rg4+ Kf5 43. Rh4 Ra1 44. Rh5+ Kg6 45. Rd5 Ra3 46. Rd6+ Kg5
47. h4+ Kh5 48. g4+ Kxg4 49. Rxh6 Rh3 50. Rg6+ Kf5 51. Rg1 Rxh4 52. Rf1+ Ke4
53. Re1+ Kd5 54. Ne2 Re4 55. Rc1 Re8 56. Nc3+ Kxd4 57. Rxc2 Rc5 58. Nd1 Rg5 59.
Kc1 Re1 60. Rd2+ Kc4 61. Kc2 1/2-1/2

[Event "Festival A"]
[Site "Formia ITA"]
[Date "1994.07.22"]
[Round "7"]
[White "Bartolini, Tommaso"]
[Black "Liguori, Renato"]
[Result "1-0"]
[WhiteElo "2090"]
[BlackElo "1888"]
[PlyCount "99"]
[EventDate "1994.07.16"]

1. d4 g6 2. c4 Nf6 3. Nc3 Bg7 4. e4 d6 5. Be2 O-O 6. Nf3 e5 7. O-O Nc6 8. d5
Ne7 9. b4 Ne8 10. c5 f5 11. Nd2 Bh6 12. Ba3 Bxd2 13. Qxd2 f4 14. Rfc1 Rf7 15.
Rc2 Rg7 16. Rac1 g5 17. cxd6 cxd6 18. Nb5 Ng6 19. Rc4 a6 20. Qc2 Bd7 21. Nc7
Nxc7 22. Rxc7 b5 23. h3 Kf8 24. Bg4 Ke8 25. Bb2 Re7 26. Bxd7+ Rxd7 27. Qc6 Ne7
28. Rxd7 Nxc6 29. dxc6 Qf6 30. Rd1 Rd8 31. Rxh7 Rc8 32. Rc1 Qe6 33. a3 Kf8 34.
Rh8+ Kg7 35. Rxc8 Qxc8 36. c7 Kf7 37. f3 Ke6 38. Kh1 Kd7 39. Kg1 Ke6 40. Kh1
Kd7 41. Kh2 Ke7 42. Rc2 Kd7 43. Bc1 Ke6 44. Bd2 d5 45. Rc6+ Kd7 46. exd5 Qxc7
47. Rxc7+ Kxc7 48. g3 Kd6 49. gxf4 exf4 50. h4 1-0

[Event "Festival A"]
[Site "Formia ITA"]
[Date "1994.07.22"]
[Round "7"]
[White "Belotti, Bruno"]
[Black "Bacrot, Etienne"]
[Result "0-1"]
[WhiteElo "2455"]
[BlackElo "2300"]
[PlyCount "82"]
[EventDate "1994.07.16"]

1. e4 c5 2. Nf3 d6 3. d4 cxd4 4. Nxd4 Nf6 5. Nc3 Nc6 6. Bg5 e6 7. Qd2 a6 8.
O-O-O h6 9. Be3 Qc7 10. f3 Rb8 11. Kb1 b5 12. Nxc6 Qxc6 13. g4 b4 14. Ne2 e5
15. h4 Be6 16. Ng3 g6 17. Rg1 a5 18. g5 hxg5 19. hxg5 Nd7 20. Bd3 Bg7 21. Nf5
gxf5 22. exf5 Bd5 23. f6 Bf8 24. g6 fxg6 25. Bxg6+ Bf7 26. Qg2 Nxf6 27. Bxf7+
Kxf7 28. Qg6+ Ke6 29. f4 Qe4 30. Qg3 Be7 31. fxe5 Rbg8 32. Bg5 Nd5 33. Rge1
Rxg5 34. Qb3 Qg2 35. Rg1 Qxg1 36. Qxd5+ Kd7 37. a3 Qb6 38. e6+ Kc7 39. Qc4+ Qc5
40. Qa6 Rg1 41. Rxg1 Qxg1+ 0-1

[Event "Festival A"]
[Site "Formia ITA"]
[Date "1994.07.22"]
[Round "7"]
[White "Borgo, Giulio"]
[Black "Tribuiani, Renato"]
[Result "1-0"]
[WhiteElo "2320"]
[BlackElo "1996"]
[PlyCount "156"]
[EventDate "1994.07.16"]

1. e4 Nc6 2. Nf3 e6 3. d4 d5 4. e5 Bd7 5. c3 f6 6. Bd3 Qe7 7. Qc2 f5 8. h4 h5
9. Bg5 Qf7 10. Nbd2 Be7 11. Nf1 Nh6 12. Ng3 g6 13. Ne2 Qg7 14. Nf4 Nf7 15. Bxe7
Nxe7 16. c4 c6 17. c5 Qh6 18. Nh3 O-O 19. O-O Kg7 20. b4 a6 21. a4 Qh8 22. Ra3
Ng8 23. Rfa1 Ngh6 24. Nd2 Rfb8 25. Rb1 Qd8 26. Nf3 Qc7 27. Nf4 Qc8 28. Rab3 Qc7
29. g3 Qd8 30. Kg2 Qc7 31. R1b2 Nd8 32. Qb1 Nhf7 33. Be2 Be8 34. Kh3 Qe7 35.
Kh2 Nh6 36. Kg2 Nhf7 37. Kg1 Qc7 38. Bf1 Qe7 39. Kh2 Qc7 40. Kg2 Qc8 41. Ne2
Nh6 42. Nc3 Nhf7 43. Qc1 Qc7 44. Qe3 Qe7 45. Bd3 Qc7 46. Ng1 Qe7 47. Nh3 Nh6
48. Rb1 Ra7 49. R3b2 Raa8 50. f3 Ra7 51. Nf4 Raa8 52. Nh3 Bd7 53. Kf2 Be8 54.
Qf4 Bd7 55. Ke3 Ndf7 56. Kd2 Nd8 57. Kc2 Ndf7 58. Kc1 Qd8 59. Be2 Qe7 60. Kd2
Rh8 61. Bd3 Rhb8 62. Ke3 Ra7 63. Rb3 Qd8 64. Nf2 Qe7 65. Be2 Kh7 66. Nd3 Nd8
67. Rh1 Be8 68. Qg5 Qg7 69. Nf4 Ng8 70. Nh3 Qh6 71. Qxh6+ Kxh6 72. Rhb1 Ne7 73.
Nf4 Bd7 74. g4 Nf7 75. gxh5 gxh5 76. a5 Raa8 77. Na4 Rg8 78. Nb6 Bc8 1-0

[Event "Festival A"]
[Site "Formia ITA"]
[Date "1994.07.22"]
[Round "7"]
[White "Canelli, Daniele"]
[Black "Cialdea, Alberto"]
[Result "0-1"]
[WhiteElo "1938"]
[BlackElo "1900"]
[PlyCount "90"]
[EventDate "1994.07.16"]

1. d4 Nf6 2. c4 b6 3. Nc3 Bb7 4. Bg5 e6 5. e4 h6 6. Bxf6 Qxf6 7. e5 Qg6 8. Nf3
Bb4 9. Rc1 O-O 10. a3 Bxc3+ 11. Rxc3 f6 12. Bd3 f5 13. O-O Nc6 14. d5 Ne7 15.
d6 cxd6 16. exd6 Nc6 17. Bb1 Kh8 18. Re1 e5 19. Nh4 Qg5 20. Rh3 e4 21. Ree3 Ne5
22. Reg3 Ng4 23. Kf1 Kh7 24. Qe1 Qf4 25. Rc3 g5 26. g3 Qxd6 27. Nxf5 Rxf5 28.
Bxe4 Bxe4 29. Qxe4 Raf8 30. Rd3 Nxf2 31. Qxf5+ Rxf5 32. Rxd6 Ne4+ 33. Kg2 Nxd6
34. g4 Rf4 35. Rd3 Rxg4+ 36. Kf1 Nxc4 37. Rxd7+ Kg6 38. Rxa7 Nxb2 39. Ra6 Nc4
40. a4 Rf4+ 41. Kg1 Rf6 42. h3 Kh5 43. Kg2 Kh4 44. Ra8 Ne3+ 45. Kg1 Kg3 0-1

[Event "Festival A"]
[Site "Formia ITA"]
[Date "1994.07.22"]
[Round "7"]
[White "Contin, Daniel"]
[Black "Loncar, Robert"]
[Result "1-0"]
[WhiteElo "2425"]
[BlackElo "2410"]
[PlyCount "57"]
[EventDate "1994.07.16"]

1. c4 g6 2. Nc3 Bg7 3. g3 d6 4. Bg2 e5 5. e3 Nf6 6. Nge2 O-O 7. d3 Nc6 8. Rb1
a5 9. a3 Be6 10. Nd5 Nd7 11. b4 axb4 12. axb4 f5 13. O-O Ncb8 14. b5 c6 15.
bxc6 bxc6 16. Nb4 Qc7 17. Qc2 Nf6 18. Bd2 Ra7 19. Nc3 e4 20. dxe4 Bxc4 21. Rfc1
fxe4 22. Nxe4 d5 23. Ng5 Qe7 24. e4 Ng4 25. exd5 Rxf2 26. Qxc4 Rxd2 27. d6+ Qf7
28. Nxf7 Rxf7 29. Qxg4 1-0

[Event "Festival A"]
[Site "Formia ITA"]
[Date "1994.07.22"]
[Round "7"]
[White "Della Ragione, Achille"]
[Black "Bevilacqua, Roberto"]
[Result "1-0"]
[WhiteElo "2040"]
[BlackElo "2054"]
[PlyCount "55"]
[EventDate "1994.07.16"]

1. c4 f5 2. Nf3 Nf6 3. Nc3 d6 4. d4 h6 5. h4 g6 6. Bf4 Nh5 7. Bh2 Nf6 8. e3 Bg7
9. Bd3 O-O 10. O-O Ng4 11. d5 Nxh2 12. Kxh2 e5 13. dxe6 Bxe6 14. Rh1 Nc6 15.
Kg1 Ne5 16. Nxe5 dxe5 17. Qe2 e4 18. Bc2 c6 19. g3 Qb6 20. Bb3 Bf7 21. Kg2 Qb4
22. Rac1 Bf6 23. Rhd1 Rad8 24. Rc2 Rxd1 25. Qxd1 Rd8 26. Rd2 Rxd2 27. Qxd2 Bxc4
28. Nxe4 1-0

[Event "Festival A"]
[Site "Formia ITA"]
[Date "1994.07.22"]
[Round "7"]
[White "Gazik, Igor"]
[Black "Matkovic, Tonci"]
[Result "1-0"]
[WhiteElo "2425"]
[BlackElo "2255"]
[PlyCount "59"]
[EventDate "1994.07.16"]

1. e4 e5 2. Nf3 Nc6 3. Bb5 a6 4. Ba4 Nf6 5. d3 d6 6. c3 Be7 7. Nbd2 O-O 8. Nf1
b5 9. Bc2 d5 10. Qe2 b4 11. Ng3 dxe4 12. dxe4 bxc3 13. bxc3 Bd6 14. O-O Bg4 15.
h3 Bd7 16. Rd1 Re8 17. Nh4 Ne7 18. Bg5 Ng6 19. Nhf5 h6 20. Bxf6 Qxf6 21. Nh5
Qg5 22. Nhxg7 Bxf5 23. Nxf5 Nh4 24. Nxh4 Qxh4 25. Bb3 a5 26. Rd3 Rf8 27. Rf3
Kg7 28. Rf5 a4 29. Bd5 Rab8 30. Qc4 1-0

[Event "Festival A"]
[Site "Formia ITA"]
[Date "1994.07.22"]
[Round "7"]
[White "Giorgadze, Giorgi"]
[Black "Malaniuk, Vladimir P."]
[Result "1/2-1/2"]
[WhiteElo "2565"]
[BlackElo "2610"]
[PlyCount "23"]
[EventDate "1994.07.16"]

1. e4 e6 2. d4 d5 3. exd5 exd5 4. Bd3 c5 5. Qe2+ Be7 6. dxc5 Nf6 7. Nf3 O-O 8.
O-O Bxc5 9. Bg5 h6 10. Bxf6 Qxf6 11. Nc3 Nc6 12. h3 1/2-1/2

[Event "Festival A"]
[Site "Formia ITA"]
[Date "1994.07.22"]
[Round "7"]
[White "Grosar, Aljosa"]
[Black "Marinelli, Tullio"]
[Result "1/2-1/2"]
[WhiteElo "2430"]
[BlackElo "2375"]
[PlyCount "103"]
[EventDate "1994.07.16"]

1. e4 c5 2. Nf3 d6 3. d4 cxd4 4. Nxd4 Nf6 5. Nc3 a6 6. Be3 e5 7. Nb3 Be7 8. Bc4
Be6 9. Qd3 Nbd7 10. Bd5 Qc7 11. O-O O-O 12. Rac1 Rac8 13. a4 Bxd5 14. Nxd5 Nxd5
15. exd5 Qc4 16. Qxc4 Rxc4 17. a5 f5 18. f3 Nf6 19. Rfd1 h6 20. c3 Kh7 21. Ra1
g5 22. Nd2 Rcc8 23. c4 g4 24. Ra3 gxf3 25. gxf3 Rg8+ 26. Kh1 Nd7 27. b4 Bg5 28.
Rc3 Nf6 29. Nf1 e4 30. f4 Bh4 31. c5 Ng4 32. Rc2 Rc7 33. c6 Rcg7 34. h3 Nf6 35.
Bd4 Rc7 36. Bxf6 Bxf6 37. Ne3 Rg3 38. Nxf5 Rxh3+ 39. Kg2 Rd3 40. Rh1 Kg6 41.
Nxd6 Rxd5 42. f5+ Kg5 43. Nxe4+ Kxf5 44. Rc4 Bg5 45. Rf1+ Kg6 46. cxb7 Rxb7 47.
Rc6+ Kh7 48. Rff6 Rxb4 49. Rxh6+ Bxh6 50. Nf6+ Kg7 51. Nxd5 Rb5 52. Nc7 1/2-1/2

[Event "Festival A"]
[Site "Formia ITA"]
[Date "1994.07.22"]
[Round "7"]
[White "Iashvili, Akaki"]
[Black "Ragozin, Evgeni"]
[Result "0-1"]
[WhiteElo "2425"]
[BlackElo "2510"]
[PlyCount "84"]
[EventDate "1994.07.16"]

1. d4 Nf6 2. c4 g6 3. Nc3 Bg7 4. e4 d6 5. f3 O-O 6. Be3 e5 7. Nge2 c6 8. Qd2
Nbd7 9. O-O-O Qa5 10. h4 b5 11. h5 b4 12. Nb1 Qxa2 13. hxg6 Qxc4+ 14. Nec3 bxc3
15. gxh7+ Kh8 16. Nxc3 Qb4 17. Bh6 Bxh6 18. Qxh6 exd4 19. Ne2 Rb8 20. Rd2 c5
21. Rh3 Qa5 22. Kb1 c4 23. Nxd4 c3 24. Nf5 Ne8 25. Rg3 Qe5 26. Rd5 Rxb2+ 27.
Kc1 Qf6 28. Rg8+ Rxg8 29. hxg8=Q+ Kxg8 30. Ne7+ Qxe7 31. Rg5+ Qxg5+ 32. Qxg5+
Kf8 33. f4 Nc5 34. Bc4 Ba6 35. Qh6+ Ke7 36. Qh4+ f6 37. Qh3 Bxc4 38. Qxc3 Nd3+
39. Kd1 Bb3+ 40. Qxb3 Rxb3 41. f5 Ne5 42. Ke2 Rg3 0-1

[Event "Festival A"]
[Site "Formia ITA"]
[Date "1994.07.22"]
[Round "7"]
[White "Isonzo, David"]
[Black "Gagliardi, Pietro"]
[Result "1/2-1/2"]
[WhiteElo "2124"]
[BlackElo "2195"]
[PlyCount "39"]
[EventDate "1994.07.16"]

1. Nf3 d5 2. g3 Nf6 3. Bg2 c6 4. O-O Bf5 5. d3 h6 6. Nbd2 e6 7. Qe1 Be7 8. e4
dxe4 9. dxe4 Bh7 10. a3 b5 11. Qe2 Nbd7 12. Ne1 O-O 13. f4 Nc5 14. Kh1 Qb6 15.
e5 Nd5 16. Ne4 Nxe4 17. Bxe4 Bxe4+ 18. Qxe4 Bc5 19. Nf3 Be3 20. Re1 1/2-1/2

[Event "Festival A"]
[Site "Formia ITA"]
[Date "1994.07.22"]
[Round "7"]
[White "Kovacevic, Slobodan"]
[Black "Sedina, Elena"]
[Result "1-0"]
[WhiteElo "2380"]
[BlackElo "2335"]
[PlyCount "53"]
[EventDate "1994.07.16"]

1. d4 d5 2. Bf4 Nf6 3. e3 Bf5 4. c4 c6 5. Nc3 Qb6 6. Qb3 Nbd7 7. h3 e6 8. c5
Qxb3 9. axb3 a6 10. b4 Rc8 11. Nf3 Be7 12. Nd2 Bd8 13. Nb3 Bc7 14. Bxc7 Rxc7
15. b5 Ke7 16. b6 Rcc8 17. Na5 Rb8 18. Bxa6 bxa6 19. Nxc6+ Ke8 20. Rxa6 Bd3 21.
Nxb8 Nxb8 22. Ra8 Kd7 23. Kd2 Ba6 24. Ra7+ Kc8 25. c6 Re8 26. Rxf7 Nxc6 27.
Rc7+ 1-0

[Event "Festival A"]
[Site "Formia ITA"]
[Date "1994.07.22"]
[Round "7"]
[White "Langeweg, Kick"]
[Black "Nurkic, Sahbaz"]
[Result "0-1"]
[WhiteElo "2390"]
[BlackElo "2415"]
[PlyCount "74"]
[EventDate "1994.07.16"]

1. d4 Nf6 2. Nf3 g6 3. c3 Bg7 4. Bf4 O-O 5. e3 d6 6. Be2 Nbd7 7. h3 c5 8. O-O
b6 9. Bh2 Bb7 10. Nbd2 a6 11. a4 Qc7 12. Re1 Ne4 13. Nxe4 Bxe4 14. Qb3 Qb7 15.
Red1 Rab8 16. Ne1 cxd4 17. exd4 Nf6 18. Bf3 Rfc8 19. Bxe4 Qxe4 20. Nc2 Qd5 21.
Qa3 Bh6 22. Re1 Qb7 23. Re2 Nd5 24. Rae1 Bf4 25. f3 Rc7 26. Nb4 Re8 27. Qb3
Bxh2+ 28. Kxh2 Nxb4 29. Qxb4 b5 30. Qb3 e6 31. axb5 axb5 32. Re4 Rc4 33. Qd1 d5
34. Re5 b4 35. Qd2 bxc3 36. bxc3 Qc7 37. Qh6 f6 0-1

[Event "Festival A"]
[Site "Formia ITA"]
[Date "1994.07.22"]
[Round "7"]
[White "Manca, Federico"]
[Black "Sulava, Nenad"]
[Result "1-0"]
[WhiteElo "2375"]
[BlackElo "2410"]
[PlyCount "57"]
[EventDate "1994.07.16"]

1. e4 e6 2. d4 d5 3. Nc3 Nf6 4. Bg5 Be7 5. e5 Ne4 6. Bxe7 Qxe7 7. Bd3 Nxc3 8.
bxc3 Qa3 9. Kd2 h5 10. Qf3 Nd7 11. Qg3 Kf8 12. Nh3 Nb6 13. Ng5 Bd7 14. Qf4 Qe7
15. h4 c5 16. Rh3 cxd4 17. Rf3 dxc3+ 18. Ke1 Kg8 19. Nxf7 Rf8 20. Nxh8 Rxf4 21.
Ng6 Rxf3 22. Nxe7+ Kf7 23. gxf3 Kxe7 24. Rb1 Bc6 25. Ke2 Nd7 26. f4 Nc5 27. Rg1
Kf8 28. Ke3 b5 29. a3 1-0

[Event "Festival A"]
[Site "Formia ITA"]
[Date "1994.07.22"]
[Round "7"]
[White "Mola, Pietro"]
[Black "Leoncini, Mario"]
[Result "1/2-1/2"]
[WhiteElo "2175"]
[BlackElo "2195"]
[PlyCount "58"]
[EventDate "1994.07.16"]

1. e4 c5 2. Nf3 Nc6 3. Bb5 g6 4. Bxc6 dxc6 5. h3 Bg7 6. d3 Nf6 7. Nc3 O-O 8.
Be3 b6 9. Qd2 Re8 10. O-O-O Qc7 11. Rdg1 Bb7 12. g4 Rad8 13. Bh6 c4 14. Bxg7
Kxg7 15. e5 Ng8 16. e6 Nf6 17. d4 b5 18. Qe3 c5 19. dxc5 Qc6 20. Nd4 Qa6 21. c6
Bxc6 22. Nxc6 Qxc6 23. h4 Rd6 24. Re1 b4 25. Ne4 Rxe6 26. h5 b3 27. a3 c3 28.
Qxc3 Qxc3 29. Nxc3 Rxe1+ 1/2-1/2

[Event "Festival A"]
[Site "Formia ITA"]
[Date "1994.07.22"]
[Round "7"]
[White "Naumkin, Igor"]
[Black "Djuric, Stefan"]
[Result "1/2-1/2"]
[WhiteElo "2475"]
[BlackElo "2485"]
[PlyCount "43"]
[EventDate "1994.07.16"]

1. d4 Nf6 2. c4 e6 3. Nf3 d5 4. Nc3 Bb4 5. cxd5 exd5 6. Bg5 h6 7. Bh4 O-O 8. e3
c6 9. Bd3 Be7 10. Qc2 Nh5 11. Bxe7 Qxe7 12. Ne5 Nd7 13. f4 Nxf4 14. exf4 f6 15.
O-O fxe5 16. dxe5 Nc5 17. Bg6 b6 18. Rad1 a5 19. Qf2 Bg4 20. Rde1 Qe6 21. Bc2
Bf5 22. Rd1 1/2-1/2